[Event "Wohlen op 1st"]
[Site "Wohlen"]
[Date "2020.08.23"]
[Round "5"]
[White "Vinayagamoorthy, Apiram"]
[Black "Agustoni, Marco"]
[Result "1-0"]
[WhiteElo "1468"]
[BlackElo "1679"]
[PlyCount "49"]
[EventDate "2020.08.21"]
[EventType "swiss"]
[EventRounds "5"]
[EventCountry "SUI"]
[SourceTitle "CBM 198 Extra"]
[Source "ChessBase"]
[SourceDate "2020.11.30"]
[SourceVersion "1"]
[SourceVersionDate "2020.11.30"]
[SourceQuality "1"]

1. e4 e5 2. Nf3 Nc6 3. Bb5 d6 4. d4 exd4 5. Nxd4 Bd7 6. Bxc6 bxc6 7. 0-0 Be7 8. Qf3 c5 9. Ne2 Bf6 10. Nbc3 Ne7 11. Rd1 0-0 12. Nf4 Rb8 13. Rb1 Re8 14. Nfd5 Nxd5 15. Nxd5 Be5 16. c4 Qc8 17. Qd3 Qd8 18. b3 Rb7 19. Bb2 Qh4 20. Bxe5 Rxe5 21. Nxc7 Rxe4 22. Qxd6 Re7 23. Re1 Rxe1+ 24. Rxe1 Qd8 25. Re8+ 1-0